LEADER 04829nam 22005415 450 001 9910300268803321 005 20200701010455.0 010 $a3-319-66483-2 024 7 $a10.1007/978-3-319-66483-5 035 $a(CKB)4100000003359185 035 $a(MiAaPQ)EBC5341309 035 $a(DE-He213)978-3-319-66483-5 035 $a(PPN)226698246 035 $a(EXLCZ)994100000003359185 100 $a20180403d2018 u| 0 101 0 $aeng 135 $aurcnu|||||||| 181 $ctxt$2rdacontent 182 $cc$2rdamedia 183 $acr$2rdacarrier 200 10$aAdvances in Treatments for Aortic Valve and Root Diseases /$fedited by Khalil Fattouch, Patrizio Lancellotti, Mani A. Vannan, Giuseppe Speziale 205 $a1st ed. 2018. 210 1$aCham :$cSpringer International Publishing :$cImprint: Springer,$d2018. 215 $a1 online resource (401 pages) 311 $a3-319-66482-4 327 $aAortic root anatomy -- Functional anatomy and dynamics of aortic root -- Multimodality imaging assessment of aortic stenosis -- Multimodality imaging assessment of aortic regurgitation -- Stress echocardiography in aortic valve disease -- Multimodality imaging assessment of prosthetic aortic valve -- Imaging predictors of reparable aortic valve -- TAVI: candidate selection and treatment guidance -- 4D flow imaging in aortic disease -- Aortic mitral valve coupling in aortic disease -- Bicuspid aortic valve -- Angio CT-scan and MRI imaging considerations prior to minimally invasive surgery -- Tricuspid aortic valve repair -- Bicuspid aortic valve repair -- Aortic annulus stabilization using external rings -- Aortic annulus stabilization using internal rings -- Root replacement with biological valve conduits -- Aortic valve-sparing reimplantation technique -- Aortic valve-sparing remodelling technique -- Aortic valve-sparing in aortic dissection -- Minimally invasive aortic root techniques -- Modified David Operation -- Mini-sternotomy -- Right anterior mini-thoracotomy -- Totally endoscopic aortic valve replacement -- Sutureless aortic valve implantation -- Rapid deployment aortic valve implantation -- Stentless aortic valve prosthesis -- Aortic valve replacement with autologous pericardium -- Transcatheter aortic valve implantation (TAVI) using the transapical approach -- Transfemoral TAVI: devices and techniques -- Alternative approaches for TAVI: Transaortic, subclavian, carotid -- Aortic valve-in-valve implantation -- Demographics and operative options: D. Pacini - Roberto Di Bartolomeo -- The Heart Valve Center of Excellence/Heart team. 330 $aThis book describes the different aspects of aortic valve and root diseases including comprehensive discussion of the state-of-the-art diagnostic imaging options, disease risk stratification, selection of candidates for valve repair or percutaneous intervention, and most recent therapeutic options. The growing prevalence of valvular heart disease represents a major challenge in terms of short- and long-term management and surveillance. Aortic valve diseases, including aortic stenosis and regurgitation, are among the most frequent of these, while the number of cases of aortic root disease is also on the rise. Aortic valve disease treatment options include valve surgery, valve repair, minimally invasive valve surgery, and percutaneous approaches and all are covered in this volume. Advances in Treatments for Aortic Valve and Root Diseases is a highly illustrated, case oriented reference aimed at cardiology fellows in training, while also helpful to surgeons, cardiologists, imagers, interventionalists, as well as other clinicians and students involved in the diagnosis and treatment of aortic valve and root diseases. 606 $aHeart$xSurgery 606 $aCardiology 606 $aHeart$xImaging 606 $aCardiac Surgery$3https://scigraph.springernature.com/ontologies/product-market-codes/H59028 606 $aCardiology$3https://scigraph.springernature.com/ontologies/product-market-codes/H33037 606 $aCardiac Imaging$3https://scigraph.springernature.com/ontologies/product-market-codes/H29071 615 0$aHeart$xSurgery. 615 0$aCardiology. 615 0$aHeart$xImaging. 615 14$aCardiac Surgery. 615 24$aCardiology. 615 24$aCardiac Imaging. 676 $a617.412 702 $aFattouch$b Khalil$4edt$4http://id.loc.gov/vocabulary/relators/edt 702 $aLancellotti$b Patrizio$4edt$4http://id.loc.gov/vocabulary/relators/edt 702 $aVannan$b Mani A$4edt$4http://id.loc.gov/vocabulary/relators/edt 702 $aSpeziale$b Giuseppe$4edt$4http://id.loc.gov/vocabulary/relators/edt 906 $aBOOK 912 $a9910300268803321 996 $aAdvances in Treatments for Aortic Valve and Root Diseases$91742371 997 $aUNINA LEADER 02563nam 2200481Ka 450 001 9910754895803321 005 20240912105429.7 010 $a1-003-81080-2 010 $a1-003-22064-9 035 $a(CKB)28762072500041 035 $a(ODN)ODN0010276733 035 $a(ScCtBLL)cb306159-e27d-4ba0-87e9-8bb58360955b 035 $a(EXLCZ)9928762072500041 100 $a20231208d2023 uy 0 101 0 $aeng 135 $aurcn|---||||| 181 $ctxt$2rdacontent 182 $cc$2rdamedia 183 $acr$2rdacarrier 200 14$aThe significance of sámi rights $eLaw, justice, and sustainability for the indigenous sámi in the nordic countries. /$fDorothée Cambou 210 $d2023 215 $a1 online resource 225 0 $aRoutledge Research in Polar Regions. 311 08$a1-03-211598-X 330 $aThis book examines the significance of the rights of the Sámi people and analyses the issues raised by the recognition and implementation of these rights in the Nordic countries. Written together by Sámi and non-Sámi experts, the book adopts a human rights approach to examine the adequacy of law and policies that seek to protect the culture and livelihood of Sámi communities in their traditional lands and territories. The book discusses contemporary legal and jurisprudential developments in the field of Sámi rights. It examines the processes and challenges in the recognition and implementation of these rights, particularly in relation to the governance of their traditional land and resources. The book will be of particular interest to legal scholars, political scientists, experts in the field of Indigenous peoples' rights, governmental authorities, and members of Indigenous communities. The Open Access version of this book, available at www.taylorfrancis.com, has been made available under a Creative Commons (CC-BY) 4.0 license. 606 $aNonfiction$2OverDrive 606 $aGeography$2OverDrive 606 $aScience$2OverDrive 606 $aSociology$2OverDrive 610 00$aSámi rights$aCultural Sustainability$aNordic Countries$ahuman rights$asustainable development goals$asustainability 615 17$aNonfiction. 615 7$aGeography. 615 7$aScience. 615 7$aSociology. 686 $aSCI030000$aSOC015000$2bisacsh 700 $aCambou$b Dorothe?e$00 701 $aCambou$b Dorothe?e$00 801 0$bScCtBLL 801 1$bScCtBLL 906 $aBOOK 912 $a9910754895803321 996 $aThe significance of sámi rights$94288149 997 $aUNINA